The Law of Evidence

Detalles Bibliográficos
Autor principal: Paciocco, David M.
Otros Autores: Stuesser, Lee, Paciocco, Palma
Formato: eBook
Lenguaje:inglés
Publicado: Toronto: Irwin Law Inc., 2020
Materias:
Acceso en línea:Acceso restringido

MARC

LEADER 00000nam a22000007a 4500
005 20210811213854.0
007 cr|||| ||||
008 210811s2020 ca |||||s|||| 00||0 eng d
020 |a 978-1-55221-542-5 
035 |a 35000 
040 |a vLex 
090 |c 11986  |d 11986 
100 1 |a Paciocco, David M. 
245 1 3 |a The Law of Evidence  |h [Recurso electrn̤ico] /  |c David M. Paciocco, Lee Stuesser, Palma Paciocco 
256 |a Servicio en ln̕ea 
260 |a Toronto:  |b Irwin Law Inc.,  |c 2020 
300 |a 1 recurso electrn̤ico 
506 1 |a Disponible solo en los productos indicados  |d vLex Global  |d vLex Global (Academic Edition, excluding Law Schools)  |d vLex Global (U.S. Academic Edition, Law Schools)  |d vLex Global (U.S. Academic Edition, excluding Law Schools)  |d vLex Global (Academic Edition, Law Schools) 
650 0 4 |a Derecho Procesal  |z Canad̀ 
700 1 |a Stuesser, Lee 
700 1 |a Paciocco, Palma 
740 0 |a vLex Libros (Servicio en ln̕ea) 
856 4 0 |u https://app.vlex.com/#/sources/35000  |z Acceso restringido 
942 |c BOOK 
999 0 |a Procedural law